|
|
|
|
| LEADER |
01116nam a2200289 a 4500 |
| 001 |
31983 |
| 003 |
BD-DhAAL |
| 005 |
20211115131932.0 |
| 008 |
170806s1986 njua b 001 0 eng |
| 999 |
|
|
|c 38248
|d 38248
|
| 010 |
|
|
|a 85011988
|
| 020 |
|
|
|a 0130447021
|
| 040 |
|
|
|a DLC
|c DLC
|d DLC
|d BD-DhAAL
|
| 050 |
0 |
0 |
|a NA200
|b .T7 1986
|
| 082 |
0 |
0 |
|a 720.9
|2 19
|
| 100 |
1 |
|
|a Trachtenberg, Marvin.
|9 21976
|
| 245 |
1 |
0 |
|a Architecture, from prehistory to post-modernism /
|c Marvin Trachtenberg and Isabelle Hyman.
|
| 260 |
|
|
|a Englewood Cliffs, N.J. :
|b Prentice-Hall ;
|a New York :
|b H.N. Abrams,
|c 2001.
|
| 300 |
|
|
|a 624 pags :
|b illustrations (some col.) ;
|c 30 cm.
|
| 504 |
|
|
|a Includes bibliographical references [p. 591-601] and index.
|
| 526 |
|
|
|a ARC
|
| 541 |
|
|
|e 31983
|
| 650 |
|
0 |
|a Architecture
|x History.
|9 21977
|
| 650 |
|
0 |
|a Architecture
|9 42677
|
| 700 |
1 |
|
|a Hyman, Isabelle.
|9 21978
|
| 942 |
|
|
|2 ddc
|c BK
|
| 952 |
|
|
|0 0
|1 0
|2 ddc
|4 0
|6 720_900000000000000_TRA
|7 0
|9 60980
|a BRACUL
|b BRACUL
|c GEN
|d 2017-07-31
|e Development Book Agency
|g 18945.00
|l 1
|m 28
|o 720.9 TRA
|p 3010031983
|r 2020-12-07
|s 2019-12-05
|t 1
|v 18945.00
|w 2017-07-31
|y BK
|